The basics of speech : learning to be a competent communicator /

A textbook describing the communication process and skills needed for effective interpersonal communication and public speaking.

Bibliographic Details
Main Author: Galvin, Kathleen M.
Other Authors: Cooper, Pamela J., Gordon, Jeanie McKinney
Format: Book
Language:English
Published: Lincolnwood, Ill. : National Textbook Co., [1988]
Subjects:

MARC

Tag First Indicator Second Indicator Subfields
LEADER 00000cam a2200000 a 4500
001 in00000018163
005 20151007053153.0
008 870113s1988 ilua j 00110 eng
010 |a  87060136  
020 |a 0844255076 
035 |a (OCoLC)17355860 
035 |9 AAB0650AM 
040 |a DLC  |c DLC  |d TXA  |d UtOrBLW 
049 |a [Curr Col] TXAM  |d [  |v = text  |p = Suppl.]  |c 1  |v [A12590880]  |p 1 [A12590555], 2  |v [A12591098] 
050 0 0 |a PN4121  |b .G25 1988 
082 0 |a 001.54/2  |2 19 
100 1 |a Galvin, Kathleen M. 
245 1 4 |a The basics of speech :  |b learning to be a competent communicator /  |c Kathleen M. Galvin, Pamela J. Cooper, Jeanie McKinney Gordon. 
264 1 |a Lincolnwood, Ill. :  |b National Textbook Co.,  |c [1988] 
264 4 |c ©1988 
300 |a xiii, 411 pages :  |b illustrations ;  |c 24 cm. +  |e teacher's resource book. 
336 |a text  |b txt  |2 rdacontent 
337 |a unmediated  |b n  |2 rdamedia 
338 |a volume  |b nc  |2 rdacarrier 
500 |a Includes index. 
520 |a A textbook describing the communication process and skills needed for effective interpersonal communication and public speaking. 
650 0 |a Public speaking  |x Juvenile literature. 
650 0 |a Communication  |v Juvenile literature. 
650 1 |a Public speaking. 
650 1 |a Communication. 
700 1 |a Cooper, Pamela J. 
700 1 |a Gordon, Jeanie McKinney. 
999 |a MARS 
999 f f |s d4816b5c-1dc5-3fe5-9567-aaf13bd3d7a4  |i bf2fc7f0-8680-325d-8640-1929ba6985f7  |t 0 
952 f f |p ric  |a Texas A&M University  |b Rellis Campus  |c Joint Library Facility  |d Remote Storage  |t 0  |e PN4121 .G25 1988  |h Library of Congress classification  |i unmediated -- volume  |k Student Edition  |m A14812590880 
998 f f |a PN4121 .G25 1988  |s Student ed.  |t 0  |l Remote Storage